Statistics for Movies Not in the IMDb Top 250

Click here to take the quiz!

General Stats

  • This quiz has been taken 106 times
  • The average score is 10 of 16

Answer Stats

HintAnswer% Correct
Floating plank can't hold both Kate Winslet and Leo DiCaprio.Titanic
99%
Soldier joins blue aliens who are literally in touch with Nature.Avatar
94%
Mark Zuckerberg rates fellow students' photos, becomes billionaire.The Social Network
86%
Small town is not amused by Michael Myer's way of celebrating October 31.Halloween
80%
Stuttering monarch gets fit for a speech against Hitler.The King's Speech
73%
Bill Murray and Scarlett Johansson are weary together in Tokyo.Lost in Translation
71%
Honrary Indian Kevin Costner wins Oscar.Dances with Wolves
68%
Ryan Gosling drives and kills in L.A., to the sound of pseudo-80s music.Drive
66%
Norse god, Russian spy, etc. destroy New York to get blue stone.The Avengers
64%
Beautiful queen seeks to kill even more beautiful girl.Snow White and the Seven Dwarfs
60%
Killer yuppie is upset - his business card is no the best.American Psycho
53%
Dennis Hopper, Peter Fonda and Jack Nicholson are "Born to be Wild".Easy Rider
51%
Patchwork human (Boris Karloff) is increasingly displeased with mad scientist.Frankenstein
51%
David Lynch lets amnesiac woman meet aspiring actress.Mulholland Drive
46%
Clint Eastwood rides into town, plays rival gangs against each other.For a Fistful of Dollars
31%
Young couple move into apartment, are welcomed by jovial satanists.Rosemary's Baby
30%

Score Distribution

Percentile by Number Answered

Percent of People with Each Score

Your Score History

You have not taken this quiz